000 00327 a2200157 4500
001 62317
020 _a9788501075819
040 _cAnchieta - Pituba
100 _aByng, Georgia
240 1 0 _aMolly Moon
_lpor
245 1 0 _aMolly Moon
300 _a333
362 0 _a2007
650 4 _aFicção norte-americana
942 _cBK
999 _c62317
_d62317